| 000 | 00646nam a22001937a 4500 | ||
|---|---|---|---|
| 005 | 2010072205365.0 | ||
| 010 | _aENG-97087 | ||
| 020 |
_c395.00 _a9788176504300 |
||
| 035 | _aEN-80620 | ||
| 037 | _bDBAD/PUB | ||
| 082 | _a841 | ||
| 245 |
_aMasterpieces of urdu poetry / _cCompiled by Amar Dehlvi |
||
| 260 |
_aNew Delhi _bStar Publications _c2009 |
||
| 270 |
_bNew Delhi _a4/5 B, Asaf Ali Road _e110002 |
||
| 300 |
_a171 p. _c23 cm (Hb) _bill |
||
| 700 |
_aDehlvi, Amar _92581 |
||
| 942 |
_2ddc _cEN _mMAS _h841 |
||
| 999 |
_c37956 _d37956 |
||